Top 10 Boston Red Sox of all time! - Statistics

General Stats
  • This quiz has been taken 174 times
  • The average score is 6 of 10
Answer Stats
Rank Position Player % Correct
1 LF Ted Williams
95%
5 1B David Ortiz
87%
10 SP Pedro Martinez
87%
4 OF Carl Yastrzemski
81%
9 C Carlton Fisk
66%
2 SP Cy Young
63%
6 RF Babe Ruth
45%
3 1B Jimmie Foxx
35%
7 CF Tris Speaker
26%
8 P Lefty Grove
14%
No matching quizzes found
Score Distribution
Percent of People with Each Score
Percentile by Number Answered
Your Score History
You have not taken this quiz